Japan real estate third quarter 2012 (Record no. 84244)
[ view plain ]
| 000 -LEADER | |
|---|---|
| fixed length control field | 01126cad a22002295a 4500 |
| 001 - CONTROL NUMBER | |
| control field | L157040 |
| 008 - FIXED-LENGTH DATA ELEMENTS--GENERAL INFORMATION | |
| fixed length control field | 120817s2012 xxk 000 0 eng d |
| 035 ## - SYSTEM CONTROL NUMBER | |
| System control number | (Sirsi) u157040 |
| 041 0# - LANGUAGE CODE | |
| Language code of text/sound track or separate title | eng |
| 100 1# - MAIN ENTRY--PERSONAL NAME | |
| Personal name | Obu, Koichiro |
| 245 00 - TITLE STATEMENT | |
| Title | Japan real estate third quarter 2012 |
| Medium | [electronic resource] |
| 260 ## - PUBLICATION, DISTRIBUTION, ETC. | |
| Place of publication, distribution, etc. | [S.l.] |
| Name of publisher, distributor, etc. | RREEF, 2012 |
| 490 #0 - SERIES STATEMENT | |
| Series statement | RREEF Real Estate Research Reports |
| Volume/sequential designation | July 2012 |
| 520 ## - SUMMARY, ETC. | |
| Summary, etc. | The outlook for Japan's economic growth in 2012 has improved. GDP is expected to grow by 3.1% in 2012 instead of the 2.8% forecast three months ago. Japan's property markets provided mixed signals in the first half of 2012.On the upside J-REITS enjoyed a buoyant performance in the year. The downside of the property market centres heavily on the office sector. Covers the fundamentals for the office, retail, residential, and industrial markets. |
| 590 ## - LOCAL NOTE (RLIN) | |
| Local note | KA NTK |
| 651 #4 - SUBJECT ADDED ENTRY--GEOGRAPHIC NAME | |
| Geographic name | Japan |
| 690 ## - LOCAL SUBJECT ADDED ENTRY--TOPICAL TERM (OCLC, RLIN) | |
| Topical term or geographic name as entry element | Commercial property |
| 9 (RLIN) | 6227 |
| 690 ## - LOCAL SUBJECT ADDED ENTRY--TOPICAL TERM (OCLC, RLIN) | |
| Topical term or geographic name as entry element | Residential property |
| 9 (RLIN) | 6266 |
| 700 1# - ADDED ENTRY--PERSONAL NAME | |
| Personal name | Roberts, Mark |
| 856 40 - ELECTRONIC LOCATION AND ACCESS | |
| Uniform Resource Identifier | <a href="https://www.rreef.com/research/research_6474.jsp">https://www.rreef.com/research/research_6474.jsp</a> |
| Public note | View the report at www.rreef.com |
| 942 ## - ADDED ENTRY ELEMENTS (KOHA) | |
| Suppress in OPAC | 0 |
| Withdrawn status | Lost status | Source of classification or shelving scheme | Damaged status | Not for loan | Home library | Current library | Shelving location | Date acquired | Total Checkouts | Full call number | Barcode | Date last seen | Copy number | Price effective from | Koha item type |
|---|---|---|---|---|---|---|---|---|---|---|---|---|---|---|---|
| Dewey Decimal Classification | Virtual | Virtual | Online | 17/08/2012 | ONLINE PUBLICATION | 157040-2001 | 06/08/2019 | 1 | 06/08/2019 | Book |